Online
Catalog

Populismo, marginalización y dependencia : (Record no. 25353)

MARC details
000 -CABECERA
campo de control de longitud fija 00863nam a2200229 a 4500
001 - NÚMERO DE CONTROL
campo de control 000025861
005 - FECHA Y HORA DE LA ÚLTIMA TRANSACCIÓN
campo de control 20200930024115.0
008 - DATOS DE LONGITUD FIJA--INFORMACIÓN GENERAL
campo de control de longitud fija 110223s1976 ck r 000 0 spa d
040 ## - FUENTE DE LA CATALOGACIÓN
Centro catalogador/agencia de origen DO-SdBNP
Lengua de catalogación spa
Centro/agencia transcriptor BNPHU
082 ## - NÚMERO DE LA CLASIFICACIÓN DECIMAL DEWEY
Número de clasificación NNN
Número de documento/Ítem W399p, 1976
049 ## - FONDOS LOCALES (OCLC)
Fondos de biblioteca BNGR
100 1# - ENTRADA PRINCIPAL--NOMBRE DE PERSONA
Nombre de persona Weffort, Francisco,
Fechas asociadas al nombre 1937-
9 (RLIN) 52701
245 10 - MENCIÓN DE TÍTULO
Título Populismo, marginalización y dependencia :
Resto del título ensayos de intrepetación sociológica /
Mención de responsabilidad, etc. Francisco Weffort y Anibal Quijano ; introducción general de Edelberto Torres Rivas.
250 ## - MENCIÓN DE EDICIÓN
Mención de edición 2a ed.
260 ## - PUBLICACIÓN, DISTRIBUCIÓN, ETC.
Lugar de publicación, distribución, etc. San José, Costa Rica :
Nombre del editor, distribuidor, etc. Universitaria Centroamericana, EDUCA,
Fecha de publicación, distribución, etc. 1976.
300 ## - DESCRIPCIÓN FÍSICA
Extensión 329, [6] p. ;
Dimensiones 17 cm.
490 1# - MENCIÓN DE SERIE
Mención de serie Aula
504 ## - NOTA DE BIBLIOGRAFÍA, ETC.
Nota de bibliografía, etc. Incluye referencias bibliográficas y notas al pie de las páginas
700 1# - PUNTO DE ACCESO ADICIONAL--NOMBRE DE PERSONA
Nombre de persona Quijano, Anibal
9 (RLIN) 52702
700 1# - PUNTO DE ACCESO ADICIONAL--NOMBRE DE PERSONA
Nombre de persona Torres Rivas, Edelberto
Término indicativo de función/relación introd.
9 (RLIN) 52703
830 #0 - PUNTO DE ACCESO ADICIONAL DE SERIE-TÍTULO UNIFORME
Título uniforme Aula
9 (RLIN) 16604
Holdings
Estado de retiro Estado de pérdida Restricciones de uso No para préstamo Código de colección Localización permanente Ubicación/localización actual Ubicación en estantería Fecha de adquisición Número de inventario Total de préstamos Signatura topográfica completa Código de barras Fecha visto por última vez Precio válido a partir de Tipo de ítem Koha
        Monografías: Libros y Folletos General General En catalogación 23.02.2011 LF1   NNN W399p, 1976 25861-10 25.06.2020 25.06.2020 Préstamo en sala

Powered by Koha